000 00598nam a22002297a 4500
003 UA-OsUOA
001 87930
007 ta
008 20120926b un ||||| |||| 00| 0 ukr d
100 _aЖуковская Л.П.
090 _a94 (477)
_bЖ 86
942 _cBK
040 _aUA-OsUOA
_brus
_cUA-OsUOA
_dUA-OsUOA
245 _aНовгородские Берестяные грамоты
300 _a130 с.
955 _a4
041 _arus
080 _a94 (477)
260 _aМ.
_c1959
650 7 _a9 Географія. Біографії. Історія
_2UDC
999 _c374901
_d374901